00422nam a22001337a 4500082001700000100001400017245012000031260003500151300000800186490003400194505002900228650002200257650000900279 a574.1925 JAN aJansz,E.R a Bio Chemistry- Part 1 :An Introduction to The Biochemistry of Carbohydrates,Amino,Acids,Proteins and Nucleic acids aColombobOpen Universityc1991 a90p aBiochemistry-Part 1 -PSU 3123 aBachelor Science Level 5 aBiochemistry,ousl aOUSL